Direito do contribuinte (Registro nro. 159465)
[ vista simple ]
| 000 -LEADER | |
|---|---|
| fixed length control field | 01183ny a22002893n 4500 |
| 008 - FIXED-LENGTH DATA ELEMENTS--GENERAL INFORMATION | |
| fixed length control field | 040419s2006 po k 000 0 por |
| 020 ## - INTERNATIONAL STANDARD BOOK NUMBER | |
| International Standard Book Number | 9789727491230 |
| 035 ## - | |
| -- | 1848 |
| 040 ## - CATALOGING SOURCE | |
| Original cataloging agency | DLC |
| Transcribing agency | DLC |
| Modifying agency | vLex |
| 050 00 - | |
| -- | KKQ3558 |
| -- | .L45 2004 |
| 050 00 - | |
| -- | KKQ3558 |
| -- | .L45 2004 |
| 090 ## - | |
| -- | 958 |
| -- | 958 |
| 100 1# - MAIN ENTRY--PERSONAL NAME | |
| Personal name | Leitâo, Helder Martins |
| 245 10 - TITLE STATEMENT | |
| Title | Direito do contribuinte |
| Medium | [Recurso electrónico] |
| Remainder of title | à informaçâo e à audiçâo prévia / |
| Statement of responsibility, etc | Helder Martins Leitâo |
| 256 ## - | |
| -- | Servicio en línea |
| 260 ## - PUBLICATION, DISTRIBUTION, ETC. (IMPRINT) | |
| Place of publication, distribution, etc | Porto : |
| Name of publisher, distributor, etc | E.L.C.L.A., |
| Date of publication, distribution, etc | 2006 |
| 300 ## - PHYSICAL DESCRIPTION | |
| Extent | 87 p. : |
| Other physical details | forms ; |
| Dimensions | 23 cm. |
| 490 1# - SERIES STATEMENT | |
| Series statement | Colecçâo Nova fiscus ; |
| Volume number/sequential designation | 3 |
| 506 1# - RESTRICTIONS ON ACCESS NOTE | |
| Terms governing access | Contenido solo disponible en los productos indicados |
| Authorized users | vLex Global |
| -- | vLex Global (Academic Edition, excluding Law Schools) |
| -- | vLex Global (U.S. Academic Edition, Law Schools) |
| -- | vLex Global (U.S. Academic Edition, excluding Law Schools) |
| -- | vLex Global (Academic Edition, Law Schools) |
| 650 04 - SUBJECT ADDED ENTRY--TOPICAL TERM | |
| Topical term or geographic name as entry element | Derecho fiscal |
| Geographic subdivision | Portugal |
| 650 04 - SUBJECT ADDED ENTRY--TOPICAL TERM | |
| Topical term or geographic name as entry element | Impuesto sobre la renta |
| 740 0# - | |
| -- | vLex Libros (Servicios en línea) |
| 830 #0 - | |
| -- | Nova fiscus. |
| -- | Coleccao |
| 856 40 - LOCALIZACIÓN Y ACCESO ELECTRÓNICO | |
| Identificador Uniforme del Recurso (URI/URL) | https://app.vlex.com/#/sources/1848 |
| 942 ## - | |
| -- | RAA |
| 999 ## - | |
| -- | 159465 |
| -- | 159465 |
No hay ítems disponibles.